<?xml version="1.0" encoding="UTF-8"?>
<record
    xmlns:xsi="http://www.w3.org/2001/XMLSchema-instance"
    xsi:schemaLocation="http://www.loc.gov/MARC21/slim http://www.loc.gov/standards/marcxml/schema/MARC21slim.xsd"
    xmlns="http://www.loc.gov/MARC21/slim">

  <leader>01205nam a22003017a 4500</leader>
  <datafield tag="999" ind1=" " ind2=" ">
    <subfield code="c">92407</subfield>
    <subfield code="d">92407</subfield>
  </datafield>
  <controlfield tag="003">NALT</controlfield>
  <controlfield tag="005">20210731074047.0</controlfield>
  <controlfield tag="008">170525b        xxu||||| |||| 00| 0 tha d</controlfield>
  <datafield tag="020" ind1=" " ind2=" ">
    <subfield code="a">9781887521574</subfield>
  </datafield>
  <datafield tag="040" ind1=" " ind2=" ">
    <subfield code="a">NALT</subfield>
  </datafield>
  <datafield tag="041" ind1="0" ind2=" ">
    <subfield code="a">thaeng</subfield>
  </datafield>
  <datafield tag="090" ind1=" " ind2=" ">
    <subfield code="a">KC 31</subfield>
    <subfield code="b">&#xE1A;788&#xE17; 2551</subfield>
  </datafield>
  <datafield tag="100" ind1="0" ind2=" ">
    <subfield code="a">&#xE40;&#xE1A;&#xE0D;&#xE08;&#xE27;&#xE23;&#xE23;&#xE13; &#xE20;&#xE39;&#xE21;&#xE34;&#xE41;&#xE2A;&#xE19; &#xE40;&#xE1A;&#xE04;&#xE40;&#xE01;&#xE2D;&#xE23;&#xE4C;</subfield>
    <subfield code="9">19169</subfield>
  </datafield>
  <datafield tag="245" ind1="1" ind2="0">
    <subfield code="a">Thai law for foreigners =</subfield>
    <subfield code="b">&#xE01;&#xE0E;&#xE2B;&#xE21;&#xE32;&#xE22;&#xE44;&#xE17;&#xE22;&#xE2A;&#xE33;&#xE2B;&#xE23;&#xE31;&#xE1A;&#xE0A;&#xE32;&#xE27;&#xE15;&#xE48;&#xE32;&#xE07;&#xE0A;&#xE32;&#xE15;&#xE34; /</subfield>
    <subfield code="c">Benjawan Poomsan Becker and Roengsak Thongkaew ; edited by Rich Baker.</subfield>
  </datafield>
  <datafield tag="246" ind1="1" ind2="8">
    <subfield code="a">Thai law for foreigners</subfield>
  </datafield>
  <datafield tag="260" ind1=" " ind2=" ">
    <subfield code="a">[&#xE01;&#xE23;&#xE38;&#xE07;&#xE40;&#xE17;&#xE1E;&#xE2F;] :</subfield>
    <subfield code="b">&#xE44;&#xE1E;&#xE1A;&#xE39;&#xE25;&#xE22;&#xE4C;,</subfield>
    <subfield code="c">c2008 [2551].</subfield>
  </datafield>
  <datafield tag="300" ind1=" " ind2=" ">
    <subfield code="a">444 &#xE2B;&#xE19;&#xE49;&#xE32; ;</subfield>
    <subfield code="c">21 &#xE0B;&#xE21;.</subfield>
  </datafield>
  <datafield tag="500" ind1=" " ind2=" ">
    <subfield code="a">&#xE40;&#xE19;&#xE37;&#xE49;&#xE2D;&#xE2B;&#xE32;&#xE40;&#xE1B;&#xE47;&#xE19;&#xE20;&#xE32;&#xE29;&#xE32;&#xE2D;&#xE31;&#xE07;&#xE01;&#xE24;&#xE29;&#xE41;&#xE25;&#xE30;&#xE20;&#xE32;&#xE29;&#xE32;&#xE44;&#xE17;&#xE22;</subfield>
  </datafield>
  <datafield tag="650" ind1=" " ind2="0">
    <subfield code="a">&#xE01;&#xE0E;&#xE2B;&#xE21;&#xE32;&#xE22;</subfield>
    <subfield code="z">&#xE44;&#xE17;&#xE22;</subfield>
    <subfield code="9">4701</subfield>
  </datafield>
  <datafield tag="650" ind1=" " ind2="0">
    <subfield code="a">Law</subfield>
    <subfield code="z">Thailand</subfield>
    <subfield code="9">19170</subfield>
  </datafield>
  <datafield tag="700" ind1="0" ind2=" ">
    <subfield code="a">&#xE40;&#xE23;&#xE34;&#xE07;&#xE28;&#xE31;&#xE01;&#xE14;&#xE34;&#xE4C; &#xE17;&#xE2D;&#xE07;&#xE41;&#xE01;&#xE49;&#xE27;</subfield>
    <subfield code="9">19171</subfield>
  </datafield>
  <datafield tag="700" ind1="0" ind2=" ">
    <subfield code="a">Benjawan Poomsan Becker</subfield>
    <subfield code="9">19172</subfield>
  </datafield>
  <datafield tag="700" ind1="0" ind2=" ">
    <subfield code="a">Roengsak Thongkaew</subfield>
    <subfield code="9">19173</subfield>
  </datafield>
  <datafield tag="700" ind1="1" ind2=" ">
    <subfield code="a">Baker, Rich</subfield>
  </datafield>
  <datafield tag="850" ind1=" " ind2=" ">
    <subfield code="a">NALT</subfield>
  </datafield>
  <datafield tag="942" ind1=" " ind2=" ">
    <subfield code="2">local</subfield>
    <subfield code="c">LB</subfield>
  </datafield>
  <datafield tag="998" ind1=" " ind2=" ">
    <subfield code="j"></subfield>
    <subfield code="k">CRON CRON</subfield>
  </datafield>
  <datafield tag="952" ind1=" " ind2=" ">
    <subfield code="0">0</subfield>
    <subfield code="1">0</subfield>
    <subfield code="2">local</subfield>
    <subfield code="4">0</subfield>
    <subfield code="7">0</subfield>
    <subfield code="8">CLAW</subfield>
    <subfield code="a">NALT</subfield>
    <subfield code="b">NALT</subfield>
    <subfield code="d">2017-05-25</subfield>
    <subfield code="l">0</subfield>
    <subfield code="o">KC 31 &#xE1A;788&#xE17; 2551</subfield>
    <subfield code="p">3961206317</subfield>
    <subfield code="r">2017-06-14 00:00:00</subfield>
    <subfield code="w">2017-05-25</subfield>
    <subfield code="y">LB</subfield>
  </datafield>
</record>
